Violencia de género económica en contexto de divorcio. Los lentes violetas en una decisión platense / (Registro nro. 5743)
[ vista simple ]
| 000 -LEADER | |
|---|---|
| fixed length control field | 01401nab a22002417a 4500 |
| 003 - CONTROL NUMBER IDENTIFIER | |
| control field | OSt |
| 005 - DATE AND TIME OF LATEST TRANSACTION | |
| control field | 20260101203239.0 |
| 008 - FIXED-LENGTH DATA ELEMENTS--GENERAL INFORMATION | |
| fixed length control field | 190514b xxu||||| |||| 00| 0 spa d |
| 040 ## - CATALOGING SOURCE | |
| Transcribing agency | PJ |
| 100 ## - MAIN ENTRY--PERSONAL NAME | |
| 9 (RLIN) | 6661 |
| Personal name | Comoglio, María Julia |
| 245 10 - TITLE STATEMENT | |
| Title | Violencia de género económica en contexto de divorcio. Los lentes violetas en una decisión platense / |
| Statement of responsibility, etc | María Julia Comoglio. |
| 300 ## - PHYSICAL DESCRIPTION | |
| Extent | p. 100-109 |
| 500 ## - GENERAL NOTE | |
| General note | Cita: TR LALEY AR/DOC/455/2025. |
| 505 ## - FORMATTED CONTENTS NOTE | |
| Formatted contents note | Sumario: I. Introducción.— II. El caso platense bajo la lupa.— III. Género y dinero.— IV. Constitucionalización y convencionalización del derecho privado: herramientas para la igualdad de género.— V. Ganancialidad, deudas y derecho a recompensa.— VI. El abordaje de los casos "en contexto".— VII. Colaboración en la producción de la prueba. El valor del silencio.— VIII. Reflexiones finales. <br/> |
| 505 ## - FORMATTED CONTENTS NOTE | |
| Formatted contents note | Fallo comentado: Civ. y Com. Nro. 25, La Plata ~ 14/04/2023 ~ I., E. N. s/ divorcio vincular por presentación conjunta. |
| 650 #0 - SUBJECT ADDED ENTRY--TOPICAL TERM | |
| 9 (RLIN) | 967 |
| Topical term or geographic name as entry element | DERECHO DE FAMILIA |
| 650 #0 - SUBJECT ADDED ENTRY--TOPICAL TERM | |
| 9 (RLIN) | 977 |
| Topical term or geographic name as entry element | DIVORCIO |
| 650 #0 - SUBJECT ADDED ENTRY--TOPICAL TERM | |
| 9 (RLIN) | 3053 |
| Topical term or geographic name as entry element | VIOLENCIA DE GÉNERO |
| 650 #0 - SUBJECT ADDED ENTRY--TOPICAL TERM | |
| Topical term or geographic name as entry element | VIOLENCIA ECONÓMICA |
| 9 (RLIN) | 5360 |
| 650 #0 - SUBJECT ADDED ENTRY--TOPICAL TERM | |
| 9 (RLIN) | 1057 |
| Topical term or geographic name as entry element | JURISPRUDENCIA APLICABLE |
| 773 0# - HOST ITEM ENTRY | |
| Host Biblionumber | 2844 |
| Host Itemnumber | 3222 |
| Place, publisher, and date of publication | Buenos Aires : AbeledoPerrot, 1989- |
| Title | Derecho de familia. Revista Interdisciplinaria de doctrina y jurisprudencia. Abril 2025-II. |
| International Standard Book Number | 18511201 |
| 942 ## - ADDED ENTRY ELEMENTS (KOHA) | |
| Source of classification or shelving scheme | |
| Koha item type | Analítica Artículo de Revista |
No hay ítems disponibles.
